Controlling ako subsystém riadenia

Problémy podnikateľského prostredia v súčasnom období. Teoretické vymedzenie a definícia pojmu kontroling. Všeobecná charakteristika kontrolingu. Kontroling v systéme riadenia podniku. Základné funkcie a úlohy kontrolingu. Kontroling a manažment. Stupne kontrolingu.

Uložené v:
Podrobná bibliografia
Hlavný autor: Baran, Dušan
Médium: Kapitola
Jazyk:Slovak
Predmet:
Tagy: Pridať tag
Žiadne tagy, Buďte prvý, kto otaguje tento záznam!

MARC

LEADER 00000naa$a2200000$$$4500
001 0040409
005 20231013084006.0
041 0 |a slo 
044 |a SK 
245 1 0 |a Controlling ako subsystém riadenia  |c Dušan Baran 
520 |a Problémy podnikateľského prostredia v súčasnom období. Teoretické vymedzenie a definícia pojmu kontroling. Všeobecná charakteristika kontrolingu. Kontroling v systéme riadenia podniku. Základné funkcie a úlohy kontrolingu. Kontroling a manažment. Stupne kontrolingu. 
610 2 0 |a riadenie podnikové 
610 2 0 |a manažment 
610 2 0 |a prostredie podnikateľské 
610 2 0 |a prostredie podnikové 
610 2 0 |a kontroling 
100 1 |a Baran, Dušan